Welcome to CU Library Online Public Access Catalogue (OPAC)

Reading Romantic poetry / (Record no. 9650)

MARC details
000 -LEADER
fixed length control field 00619cam a2200205 a 4500
001 - CONTROL NUMBER
control field 17029530
005 - DATE AND TIME OF LATEST TRANSACTION
control field 20260424151705.0
008 - FIXED-LENGTH DATA ELEMENTS--GENERAL INFORMATION
fixed length control field 111101s2012 nju b 001 0 eng
020 ## - INTERNATIONAL STANDARD BOOK NUMBER
International Standard Book Number 9781405191555
Qualifying information cloth
020 ## - INTERNATIONAL STANDARD BOOK NUMBER
International Standard Book Number 1405191554
Qualifying information cloth
050 00 - LIBRARY OF CONGRESS CALL NUMBER
Classification number PR590
Item number .S734 2012
082 00 - DEWEY DECIMAL CLASSIFICATION NUMBER
Classification number 821/.709145
Edition information 23
100 1# - MAIN ENTRY--PERSONAL NAME
Personal name Stafford, Fiona J.
245 10 - TITLE STATEMENT
Title Reading Romantic poetry /
Statement of responsibility, etc. Fiona Stafford.
260 ## - PUBLICATION, DISTRIBUTION, ETC.
Place of publication, distribution, etc. Hoboken, NJ :
Name of publisher, distributor, etc. Wiley-Blackwell,
Date of publication, distribution, etc. 2012.
300 ## - PHYSICAL DESCRIPTION
Extent ix, 237 p. ;
Dimensions 24 cm.
650 #0 - SUBJECT ADDED ENTRY--TOPICAL TERM
Topical term or geographic name entry element English poetry
Chronological subdivision 19th century
General subdivision History and criticism.
650 #0 - SUBJECT ADDED ENTRY--TOPICAL TERM
Topical term or geographic name entry element Romanticism
Geographic subdivision Great Britain.
942 ## - ADDED ENTRY ELEMENTS (KOHA)
Source of classification or shelving scheme Library of Congress Classification
Koha item type Books
Suppress in OPAC No
999 ## -
-- 9650
-- 9650
Holdings
Withdrawn status Lost status Source of classification or shelving scheme Damaged status Not for loan Collection Home library Current library Shelving location Date acquired Total checkouts Full call number Barcode Date last seen Copy number Price effective from Koha item type
    Library of Congress Classification     Non-fiction Business Library (Miotso) Business Library (Miotso) General stacks 03/27/2026   PR590 .S734 2012 BSSM00003893 04/24/2026 1 03/27/2026 Books
    Library of Congress Classification     Non-fiction Business Library (Miotso) Business Library (Miotso) General stacks 03/27/2026   PR590 .S734 2012 BSSM00003916 04/24/2026 2 03/27/2026 Books
© 2023-2024 Copyright: Central University Libraries. All Rights Reserved | Created by: Mahone Tech Office